| 000 | 00329nam a22000977a 4500 | ||
|---|---|---|---|
| 005 | 20250901165806.0 | ||
| 008 | 250320b |||||||| |||| 00| 0 eng d | ||
| 245 |
_aTo See the Mountain and other stories (Caine Prize for African Writing 2011) _cNEW INTERNATIONALIST |
||
| 260 |
_aNEW INTERNATIONALIST _bNEW INTERNATIONALIST |
||
| 942 | _2lcc | ||
| 999 |
_c9291 _d9291 |
||